Catálogo

WEB DESIGN FOR DUMMIES (Registro nro. 51947)

Detalles MARC
000 -LEADER
fixed length control field 00801nam a2200193 a 4500
001 - CONTROL NUMBER
control field 51947
005 - DATE AND TIME OF LATEST TRANSACTION
control field 20180714041610.0
008 - FIXED-LENGTH DATA ELEMENTS--GENERAL INFORMATION
fixed length control field 140415s2006 xxu 000 0 eng d
020 ## - INTERNATIONAL STANDARD BOOK NUMBER
International Standard Book Number 0471781177
041 ## - LANGUAGE CODE
Language code of text/sound track or separate title eng
082 ## - DEWEY DECIMAL CLASSIFICATION NUMBER
Classification number 006.6
Item number LOP
100 1# - MAIN ENTRY--PERSONAL NAME
Personal name LOPUCK, LISA
245 10 - TITLE STATEMENT
Title WEB DESIGN FOR DUMMIES
250 ## - EDITION STATEMENT
Edition statement 2a ed.
260 ## - PUBLICATION, DISTRIBUTION, ETC.
Place of publication, distribution, etc. ESTADOS UNIDOS DE AMERICA :
Name of publisher, distributor, etc. WILEY PUBLISHING, INC.,
Date of publication, distribution, etc. 2006
300 ## - PHYSICAL DESCRIPTION
Extent 230
Dimensions 18.7 x 1.7 x 23.3
520 ## - SUMMARY, ETC.
Summary, etc. CREATE A USER- FRIENDLY SITE, DESIGN GREAT GRAPHICS, AND MAKE UPDATING EASY IT CAN TAKE A FLOCK TO BUILD, AND MAINTAIN AN OUT-OF.SIGN WEB SITE. WHETHER YOU´RE DESINGNING A SITE ON YOUR OWN OR ARE A MEMBER OF A DESING TEAM.
650 14 - SUBJECT ADDED ENTRY--TOPICAL TERM
Topical term or geographic name entry element GRAFICOS POR COMPUTADOR
General subdivision MULTIMEDIA
-- WORLD WIDE WEB (SERVICIO DE INFORMACION SOBRE REDES)
Existencias
Withdrawn status Lost status Source of classification or shelving scheme Damaged status Not for loan Collection code Home library Current library Shelving location Date acquired Source of acquisition Inventory number Total Checkouts Full call number Barcode Date last seen Date last checked out Price effective from Koha item type
    Dewey Decimal Classification     General Biblioteca Karol Wojtyla Biblioteca Karol Wojtyla Sala general 03/12/2013 Compra 151000000000000000059526   '006.6 LOP 77289 05/01/2026 28/10/2014 03/12/2013 Libro